000 00351nam a2200145Ia 4500
005 20251222154330.0
008 251222s9999||||xx |||||||||||||| ||spa||
020 _a8433966715
082 _a823/R88
100 _aRoy, Arundhati
245 0 _aEl Dios de las Pequeñas Cosas
250 _a1ra.ed.
264 _bEditorial Anagrama, S.A.
942 _cLIB
999 _c34116
_d34116